000 00792nam a2200193Ia 4500
001 17575
003 GE_BSU
008 181216s||||||||xx |||||||||||||| ||und||
040 _cGE_BSU
080 _a624.15(035.5)
245 _aСправочник проектировщика промышленных, жилых и общественных зданий и сооружений: расчетно-теоретический.
245 _cПод ред. А.А.Уманского.
260 _aМ.
260 _bГосстройиздат.
260 _c1960.
300 _a1040 стр. с илл. 27 см.
653 _aСправочник проектировщика промышленных, жилых и общественных зданий и сооружений.
942 _cBK
999 _c50625
_d50625